000
002490000a22000970004500
100
1
_a
Banyopadhyay, Mridula
245
1
0
_a
Salud de la mujer en el sub-continente indio
300
_a
Núm 17 (1994), Páginas 14-15
773
0
_t
Paso a paso
942
_c
ANA
999
_c
52195
_d
52195